Click a Movie, Initially - Horror Movies Quiz Stats

 Plays Quiz Updated Feb 28, 2019

Score 0/20 Timer 05:00
10 Plays Today
% Correct
Scream
91%
The Exorcist
85.8%
The Shining
85.4%
The Blair Witch Project
85.1%
Paranormal Activity
85%
Carrie
85%
Halloween
84.8%
Dracula
84.7%
The Texas Chain Saw Massacre
83.5%
A Nightmare On Elm Street
82.3%
% Correct
I Know What You Did Last Summer
82.3%
Poltergeist
81.4%
Shaun Of The Dead
81.4%
The Omen
79.2%
The Cabin In The Woods
76.8%
Frankenstein
76%
The Fly
72.3%
The Thing
68.8%
An American Werewolf In London
68.3%
Alien
67.2%

You're not logged in!

Compare scores with friends on all Sporcle quizzes.
OR
Log In

You Might Also Like...

Show Comments

Extras

Top Quizzes Today


Score Distribution

Your Account Isn't Verified!

In order to create a playlist on Sporcle, you need to verify the email address you used during registration. Go to your Sporcle Settings to finish the process.

Report this User

Report this user for behavior that violates our Community Guidelines.

Details: